00445nam a2200157Ia 4500003000400000008004100004040001600045082001700061100001600078245007600094260004800170300001000218650002800228650000800256650002300264GCL140319s9999 xx 000 0 eng d aGCL / cGCL04a327.117bB P1 aBOND, BRIAN10aTHE PURSUIT OF VICTORY: FROM NAPOLEON TO SADDAM HUSSEIN / cBOND, BRIAN a[S.N] : bOXFORD UNIVERSITY PRESS ، c1996 a240 P04aINTERNATIONAL RELATIONS04aWAR04aMILITARY - HISTORY